=LDR 00000nam 2200000 4500 =001 INLIS000000000029375 =005 20200302014239 =035 ##$$a 0010-061300000029375 =008 200302################g##########0#ind## =041 ##$$a Ind =082 ##$$a 158.1 =090 ##$$a 158.1, Sud h =100 ##$$a Sudarmo, Darminto M =245 1#$$a How to be a good comedian : $b Mau dong jadi pelawak /$c Darminto M. Sudarmo =260 ##$$a Jakarta :$b Kombat Publisher,$c 2006 =300 ##$$a vi, 287 hlm, : $b ilus. ; $c 19 x 13 cm. =650 #4$$a Pelawak =850 ##$$a NBPNMAT =020 ##$$a 979-3468-09-2 =084 ##$$a 158.1 SUD h =990 ##$$a 30708634 =990 ##$$a 30708632 =990 ##$$a 30708633 =990 ##$$a 30708635